LEADER 00926nam0-22002891i-450- 001 990006880190403321 005 20001010 035 $a000688019 035 $aFED01000688019 035 $a(Aleph)000688019FED01 035 $a000688019 100 $a20001010d--------km-y0itay50------ba 101 0 $aita 105 $ay-------001yy 200 1 $a<>crisi politiche nei regimi comunisti$eUngheria, Cecoslovacchia e Polonia da Stalin agli anni Ottanta$fPietro Grilli di Cortona. 210 $aMilano$cF. Angeli$dc 1989. 215 $a390 p.$d22 cm 225 1 $aCollana di scienza politica e relazioni internazionali$v15 700 1$aGrilli di Cortona,$bPietro$f<1954-2015> 801 0$aIT$bUNINA$gRICA$2UNIMARC 901 $aBK 912 $a990006880190403321 952 $aCOLLEZ. 437 (15)$b10017$fFSPBC 959 $aFSPBC 996 $aCrisi politiche nei regimi comunisti$9625565 997 $aUNINA DB $aGEN01 LEADER 00993nam2-2200361---450- 001 990006113210203316 005 20160119123612.0 035 $a000611321 035 $aUSA01000611321 035 $a(ALEPH)000611321USA01 035 $a000611321 100 $a20160119d1968----km-y0itay50------ba 101 $aita 102 $aIT 105 $a||||||||001yy 200 1 $a<<2.>>$fGiuliano Procacci 210 $aBari$cLaterza$d1968 215 $a257-574 p.$d18 cm 225 2 $aUniversale Laterza$v94 410 0$12001$aUniversale Laterza 461 1$1001000611319$12001$aStoria degli Italiani 606 0 $aItalia$xStoria$2BNCF 676 $a945 700 1$aPROCACCI,$bGiuliano$0126926 801 0$aIT$bsalbc$gISBD 912 $a990006113210203316 951 $aXV.3. 2318/2$b208380 L.M.$cXV.3.$d00194006 959 $aBK 969 $aPAP 979 $aGIUSY$b90$c20160119$lUSA01$h1234 979 $aGIUSY$b90$c20160119$lUSA01$h1236 996 $a2.$91384212 997 $aUNISA